Washington sources on international affairs : A guide to some research facilities in the District of Columbia area

Na minha lista:
Detalhes bibliográficos
Autor principal: Linebarger, Geneviere Collins
Formato: Livro
Idioma:Undetermined
Publicado em: College Park Bureau of Public Administration, University of Maryland 1951
Assuntos:
Tags: Adicionar Tag
Sem tags, seja o primeiro a adicionar uma tag!
Thư viện lưu trữ: Trung tâm Học liệu Trường Đại học Cần Thơ
LEADER 00737nam a2200205Ia 4500
001 CTU_104804
008 210402s9999 xx 000 0 und d
082 |a 341.072 
082 |b L736 
100 |a Linebarger, Geneviere Collins 
245 0 |a Washington sources on international affairs : 
245 2 |b A guide to some research facilities in the District of Columbia area 
245 0 |c Geneviere Collins Linebarger and Associates 
260 |a College Park 
260 |b Bureau of Public Administration, University of Maryland 
260 |c 1951 
650 |a International relations,Quan hệ quốc tế 
650 |x Research,Nghiên cứu 
904 |i Năm 
980 |a Trung tâm Học liệu Trường Đại học Cần Thơ